Introduction aux varietes differentielles

में बचाया:
ग्रंथसूची विवरण
मुख्य लेखक: Lafontaine, Jacques
स्वरूप: पुस्तक
प्रकाशित: Presses universitaires de grenoble 1996
टैग : टैग जोड़ें
कोई टैग नहीं, इस रिकॉर्ड को टैग करने वाले पहले व्यक्ति बनें!
Thư viện lưu trữ: Mạng thư viện Đại học Đà Nẵng
LEADER 00582nam a2200229 a 4500
001 000030136
003 25509
005 20171030145630.0
008 171030s1996
040 |a LTT 
082 0 |a 512.56  |b LA-J 
100 1 |a Lafontaine, Jacques 
245 0 0 |a Introduction aux varietes differentielles  |c Jacques Lafontaine. 
260 |b Presses universitaires de grenoble  |c 1996 
500 |a AUF 
OWN |a LTT 
999 |a From the UDN01 
TYP |a Monograph 
TYP |a Printed language 
980 |a Mạng thư viện Đại học Đà Nẵng